| 000 | 00341nam a2200133Ia 4500 | ||
|---|---|---|---|
| 008 | 240624s9999 xx 000 0 und d | ||
| 041 | _aeng | ||
| 082 | _a337 KAR | ||
| 100 | _aKARASAVVOGLOU ANASTASIOS | ||
| 245 | _aECONOMIC CRISIS IN EUROPE AND THE BALKAN | ||
| 260 |
_c2014 _aNew Delhi _bSpringer |
||
| 300 | _a240 : p. | ||
| 365 |
_cERU _b28 |
||
| 999 |
_c23969 _d23969 |
||